[Event "Moscow 08"]
[Site "Moscow"]
[Date "2014.02.26"]
[Round "9"]
[White "Glek, Igor Vladimirovich"]
[Black "Volodin, Alexey"]
[Result "1/2-1/2"]
[WhiteElo "2464"]
[BlackElo "2283"]
[PlyCount "31"]
[EventDate "2014.02.19"]
[EventType "tourn"]
[EventRounds "9"]
[EventCountry "RUS"]
[EventCategory "2"]
[SourceTitle "EXT 2016"]
[Source "ChessBase"]
[SourceDate "2015.10.08"]
[SourceVersion "1"]
[SourceVersionDate "2015.10.08"]
[SourceQuality "1"]

1. e4 e5 2. Nf3 Nc6 3. Bb5 a6 4. Bxc6 dxc6 5. 0-0 Ne7 6. Na3 Ng6 7. Nc4 f6 8. c3 c5 9. d3 Be7 10. a4 a5 11. Ne3 0-0 12. Qc2 Be6 13. Kh1 Nf4 14. Rd1 Qd7 15. b3 Rad8 16. Ne1 1/2-1/2

[Event "Moscow 08"]
[Site "Moscow"]
[Date "2014.02.22"]
[Round "5"]
[White "Brodsky, Igor"]
[Black "Volodin, Alexey"]
[Result "1/2-1/2"]
[WhiteElo "2333"]
[BlackElo "2283"]
[PlyCount "37"]
[EventDate "2014.02.19"]
[EventType "tourn"]
[EventRounds "9"]
[EventCountry "RUS"]
[EventCategory "2"]
[SourceTitle "EXT 2016"]
[Source "ChessBase"]
[SourceDate "2015.10.08"]
[SourceVersion "1"]
[SourceVersionDate "2015.10.08"]
[SourceQuality "1"]

1. c4 e5 2. Nc3 Nf6 3. Nf3 Nc6 4. g3 Nd4 5. Bg2 Nxf3+ 6. Bxf3 Bc5 7. 0-0 0-0 8. d3 h6 9. Rb1 a5 10. a3 Re8 11. b4 axb4 12. axb4 Bf8 13. Bd2 d6 14. Bg2 c6 15. b5 d5 16. bxc6 bxc6 17. cxd5 cxd5 18. Qb3 Be6 19. Qb6 1/2-1/2

[Event "Moscow 08"]
[Site "Moscow"]
[Date "2014.02.22"]
[Round "4"]
[White "Volodin, Alexey"]
[Black "Golubev, Roman"]
[Result "1/2-1/2"]
[WhiteElo "2283"]
[BlackElo "2171"]
[PlyCount "36"]
[EventDate "2014.02.19"]
[EventType "tourn"]
[EventRounds "9"]
[EventCountry "RUS"]
[EventCategory "2"]
[SourceTitle "EXT 2016"]
[Source "ChessBase"]
[SourceDate "2015.10.08"]
[SourceVersion "1"]
[SourceVersionDate "2015.10.08"]
[SourceQuality "1"]

1. e4 e5 2. Nf3 Nc6 3. Bb5 a6 4. Ba4 Nf6 5. 0-0 Be7 6. Re1 b5 7. Bb3 d6 8. c3 0-0 9. h3 Bb7 10. d3 Qd7 11. Nbd2 d5 12. Nf1 Rfe8 13. Ng3 dxe4 14. dxe4 Qxd1 15. Rxd1 Na5 16. Bc2 Nc4 17. b3 Nd6 18. Re1 Bf8 1/2-1/2

[Event "Salongernas IM"]
[Site "Stockholm"]
[Date "2009.06.23"]
[Round "7"]
[White "Poley, Vladimir"]
[Black "Volodin, Alexey"]
[Result "1/2-1/2"]
[WhiteElo "2338"]
[BlackElo "2283"]
[PlyCount "180"]
[EventDate "2009.06.17"]
[EventType "tourn"]
[EventRounds "9"]
[EventCountry "SWE"]
[EventCategory "4"]
[SourceTitle "CBM 130 Extra"]
[Source "ChessBase"]
[SourceDate "2009.07.02"]
[SourceVersion "2"]
[SourceVersionDate "2009.07.15"]
[SourceQuality "1"]

1. c4 Nf6 2. Nf3 g6 3. b4 Bg7 4. Bb2 0-0 5. g3 a5 6. a3 d5 7. cxd5 axb4 8. axb4 Rxa1 9. Bxa1 Qxd5 10. Bg2 Qc4 11. Be5 Na6 12. 0-0 Qxb4 13. Nc3 c6 14. Qa1 Nc5 15. Rb1 Qc4 16. d3 Qa6 17. Qb2 Na4 18. Nxa4 Qxa4 19. Nd2 Qg4 20. Ne4 Qf5 21. Bf3 Ne8 22. Bxg7 Nxg7 23. Qb4 Qe5 24. Nc5 Ne6 25. Nxb7 Nd4 26. Na5 Nxf3+ 27. exf3 Qd5 28. Kg2 Bf5 29. Rc1 Rc8 30. Qc5 Qxc5 31. Rxc5 Bxd3 32. Rxc6 Rb8 33. Rc7 Rb1 34. g4 Bf1+ 35. Kg3 Re1 36. Nc6 Kf8 37. g5 Ba6 38. Nb4 Rg1+ 39. Kf4 Bb5 40. h4 Rh1 41. Nd5 Rxh4+ 42. Ke5 Rc4 43. Rb7 Bc6 44. Rb8+ Be8 45. Nb6 Rc7 46. f4 Rc6 47. Nd5 Rc4 48. Nb6 f6+ 49. gxf6 exf6+ 50. Kxf6 Rxf4+ 51. Ke6 Kg7 52. Rxe8 Rf6+ 53. Ke5 Rxb6 54. Re7+ Kg8 55. Ra7 Rb5+ 56. Kf4 Rf5+ 57. Kg3 Rf7 58. Ra6 Kg7 59. Rb6 g5 60. Rb5 h6 61. Ra5 Rf6 62. Rb5 Kg6 63. Ra5 h5 64. Rb5 h4+ 65. Kg2 Kh5 66. Ra5 Rf4 67. Rb5 Kg4 68. Ra5 Rc4 69. Ra3 Rf4 70. Rb3 h3+ 71. Kg1 Kh4 72. Ra3 Rg4+ 73. Kh1 Rg2 74. Rf3 Kg4 75. Rf8 Kh5 76. Rh8+ Kg6 77. Rf8 Rg4 78. Rh8 Rf4 79. Rxh3 Rxf2 80. Kg1 Rc2 81. Ra3 Kh5 82. Rh3+ Kg4 83. Ra3 Kh4 84. Rb3 g4 85. Ra3 Re2 86. Rb3 g3 87. Rb8 Re1+ 88. Kg2 Re2+ 89. Kf1 Rf2+ 90. Kg1 Re2 1/2-1/2

[Event "Salongernas IM"]
[Site "Stockholm"]
[Date "2009.06.18"]
[Round "2"]
[White "Semcesen, Daniel"]
[Black "Volodin, Alexey"]
[Result "1-0"]
[WhiteElo "2387"]
[BlackElo "2283"]
[PlyCount "65"]
[EventDate "2009.06.17"]
[EventType "tourn"]
[EventRounds "9"]
[EventCountry "SWE"]
[EventCategory "4"]
[SourceTitle "CBM 130 Extra"]
[Source "ChessBase"]
[SourceDate "2009.07.02"]
[SourceVersion "2"]
[SourceVersionDate "2009.07.15"]
[SourceQuality "1"]

1. c4 e5 2. Nc3 Nf6 3. Nf3 Nc6 4. d4 exd4 5. Nxd4 Bc5 6. Nb3 Bb4 7. Bd2 0-0 8. a3 Be7 9. e4 a5 10. Be3 Re8 11. Be2 Bd6 12. f3 Be5 13. 0-0 Bxc3 14. bxc3 d6 15. Nd4 Bd7 16. c5 dxc5 17. Nxc6 Bxc6 18. Bxc5 b6 19. Bd4 Qe7 20. e5 Nd5 21. f4 Rad8 22. Qe1 Bb7 23. Qg3 c5 24. Bf2 f6 25. Bh5 fxe5 26. Bxe8 exf4 27. Qf3 Qxe8 28. c4 Qf7 29. Rad1 Rd6 30. cxd5 Bxd5 31. Qg4 h6 32. Bg3 g5 33. Rxf4 1-0

[Event "Dubna op"]
[Site "Dubna"]
[Date "2007.08.06"]
[Round "5"]
[White "Volodin, Alexey"]
[Black "Kotchnev, Andrey"]
[Result "1/2-1/2"]
[WhiteElo "2311"]
[BlackElo "2125"]
[PlyCount "137"]
[EventDate "2007.08.02"]
[EventType "swiss"]
[EventRounds "14"]
[EventCountry "RUS"]
[SourceTitle "EXT 2008"]
[Source "ChessBase"]
[SourceDate "2007.11.25"]
[SourceVersion "1"]
[SourceVersionDate "2007.11.25"]
[SourceQuality "1"]

1. c4 Nf6 2. Nc3 c5 3. Nf3 g6 4. d4 Bg7 5. d5 e6 6. e4 exd5 7. cxd5 d6 8. h3 0-0 9. Bd3 Re8 10. 0-0 a6 11. a4 Nbd7 12. Nd2 Nh5 13. f4 Qh4 14. Nf3 Qe7 15. g4 Nhf6 16. Bd2 h6 17. Qc2 c4 18. Bxc4 Nxe4 19. Rae1 f5 20. Nxe4 fxe4 21. Bc3 Bxc3 22. Qxc3 Qf7 23. Nd4 Nc5 24. a5 Bd7 25. f5 gxf5 26. Rxf5 Qg7 27. Qe3 Re5 28. Rxe5 Qxe5 29. b4 Nd3 30. Bxd3 exd3 31. Qxe5 dxe5 32. Nb3 Re8 33. Nc5 Bb5 34. Kf2 Rd8 35. Ne4 Kf7 36. Nc3 Bc4 37. Rxe5 d2 38. Re4 d1Q 39. Nxd1 Bxd5 40. Rd4 Ke6 41. Ne3 Rf8+ 42. Ke2 Bc6 43. Nc4 Bb5 44. Ke3 Rc8 45. Re4+ Kf6 46. Nd6 Rc3+ 47. Kf4 Rxh3 48. Nxb5 axb5 49. Rd4 Ke6 50. Rd8 Rb3 51. Re8+ Kf6 52. Rf8+ Ke6 53. Rh8 Rxb4+ 54. Kg3 Ra4 55. Rxh6+ Kf7 56. Rb6 Rxa5 57. Rxb7+ Kg6 58. Kh4 b4 59. Rb6+ Kg7 60. g5 Ra7 61. Kh5 Rc7 62. Rxb4 Ra7 63. Rb6 Rc7 64. Rg6+ Kh7 65. Re6 Kg7 66. Kg4 Rc4+ 67. Kf5 Rc5+ 68. Kg4 Rc4+ 69. Kh5 1/2-1/2

[Event "Dubna op"]
[Site "Dubna"]
[Date "2007.08.05"]
[Round "2"]
[White "Zasypkin, Alexey"]
[Black "Volodin, Alexey"]
[Result "1/2-1/2"]
[WhiteElo "2103"]
[BlackElo "2311"]
[PlyCount "61"]
[EventDate "2007.08.02"]
[EventType "swiss"]
[EventRounds "14"]
[EventCountry "RUS"]
[SourceTitle "EXT 2008"]
[Source "ChessBase"]
[SourceDate "2007.11.25"]
[SourceVersion "1"]
[SourceVersionDate "2007.11.25"]
[SourceQuality "1"]

1. d4 f5 2. e4 fxe4 3. Nc3 Nf6 4. Bg5 Nc6 5. d5 Ne5 6. Qd4 Nf7 7. Bxf6 exf6 8. Nxe4 Be7 9. Nf3 0-0 10. Ng3 b6 11. Be2 Bc5 12. Qd2 Re8 13. 0-0 Bb7 14. Bd3 Ne5 15. Nxe5 Rxe5 16. c4 a5 17. Qc2 h6 18. Rfe1 Qe7 19. Rxe5 Qxe5 20. Kf1 Re8 21. Bg6 Re7 22. Nf5 Qxh2 23. Nxe7+ Kf8 24. Qe4 Qh1+ 25. Ke2 Qxa1 26. Nc6 Qxb2+ 27. Kd1 Qa1+ 28. Ke2 Qxa2+ 29. Kd1 Qb3+ 30. Ke2 Qa2+ 31. Kd1 1/2-1/2

[Event "EU-ch U16"]
[Site "Budva"]
[Date "2003.09.20"]
[Round "7"]
[White "Volodin, Alexey"]
[Black "Pavlik, Goran"]
[Result "0-1"]
[WhiteElo "2311"]
[BlackElo "2147"]
[PlyCount "88"]
[EventDate "2003.09.13"]
[EventType "swiss"]
[EventRounds "9"]
[EventCountry "YUG"]
[SourceTitle "CBM 096 Extra"]
[Source "ChessBase"]
[SourceDate "2003.10.22"]
[SourceVersion "2"]
[SourceVersionDate "2003.10.20"]
[SourceQuality "1"]

1. d4 d5 2. c4 e6 3. Nc3 Nf6 4. cxd5 exd5 5. Bg5 Nbd7 6. e3 c6 7. Bd3 Be7 8. Nf3 0-0 9. 0-0 Re8 10. Qc2 Nf8 11. h3 Ne4 12. Bf4 Ng5 13. Bxg5 Bxg5 14. b4 Re6 15. Ne2 Rh6 16. a4 Ng6 17. Bf5 Nh4 18. Nxh4 Bxh4 19. Bxc8 Rxc8 20. Qf5 Be7 21. Rab1 Rf6 22. Qd3 b6 23. Rfd1 Rd6 24. Nc3 a6 25. b5 cxb5 26. axb5 a5 27. Ne2 Rd7 28. Rdc1 Rdc7 29. Qb3 Rc4 30. Rxc4 dxc4 31. Qc2 Bb4 32. e4 Qd7 33. d5 Qxb5 34. Nd4 Qc5 35. Nf5 g6 36. Nh6+ Kg7 37. Ng4 Qd4 38. Qc1 Qd2 39. Qf1 c3 40. Rxb4 axb4 41. Qa1 Qb2 42. Qa6 c2 43. Qxb6 c1Q+ 44. Kh2 Qc7+ 0-1

[Event "EU-ch U16"]
[Site "Budva"]
[Date "2003.09.19"]
[Round "6"]
[White "Nithander, Victor"]
[Black "Volodin, Alexey"]
[Result "0-1"]
[WhiteElo "2225"]
[BlackElo "2311"]
[PlyCount "140"]
[EventDate "2003.09.13"]
[EventType "swiss"]
[EventRounds "9"]
[EventCountry "YUG"]
[SourceTitle "CBM 096 Extra"]
[Source "ChessBase"]
[SourceDate "2003.10.22"]
[SourceVersion "2"]
[SourceVersionDate "2003.10.20"]
[SourceQuality "1"]

1. e4 c5 2. Nf3 e6 3. d4 cxd4 4. Nxd4 Nf6 5. Nc3 d6 6. Bd3 Nc6 7. Be3 Be7 8. 0-0 0-0 9. f4 a6 10. Qf3 Qc7 11. Nde2 Nb4 12. g4 Nxd3 13. cxd3 Rd8 14. Rac1 Qb8 15. g5 Nd7 16. d4 b5 17. f5 Rf8 18. Qh3 exf5 19. exf5 Nb6 20. Qh4 Nc4 21. Nd5 Bd8 22. Nec3 Qb7 23. f6 b4 24. fxg7 Re8 25. Qh6 Re6 26. Rf6 Bxf6 27. Nxf6+ Rxf6 28. gxf6 bxc3 29. Rxc3 Nxe3 30. Qxe3 Be6 31. b3 Rc8 32. Rxc8+ Qxc8 33. Qd2 Bd5 34. Qf4 Qe6 35. Kf2 a5 36. h4 Be4 37. Qg5 Bg6 38. Qf4 Bf5 39. Qg5 Qe4 40. Kg3 Qe6 41. Kf2 Qd5 42. Qe3 Be6 43. Qf4 Qc6 44. Kg3 Qc3+ 45. Qf3 Qc8 46. Qe3 Qa8 47. Qf3 Qa6 48. Qc3 a4 49. bxa4 Qxa4 50. Qc7 Qa8 51. a4 h5 52. Qxd6 Bg4 53. Qa3 Qb8+ 54. Kg2 Qa8+ 55. Kf2 Qd8 56. Kg2 Qa8+ 57. Kg1 Qe8 58. Qg3 Kh7 59. Qd3+ Kg8 60. Qd2 Qxa4 61. Kh2 Qc6 62. Qb4 Qc2+ 63. Kg3 Qd3+ 64. Kf2 Qf3+ 65. Kg1 Qg3+ 66. Kf1 Qf4+ 67. Ke1 Qe3+ 68. Kf1 Be2+ 69. Kg2 Qf3+ 70. Kh2 Qf2+ 0-1

[Event "EU-ch U16"]
[Site "Budva"]
[Date "2003.09.17"]
[Round "5"]
[White "Volodin, Alexey"]
[Black "Vicol, Dorian"]
[Result "0-1"]
[WhiteElo "2311"]
[BlackElo "2194"]
[PlyCount "60"]
[EventDate "2003.09.13"]
[EventType "swiss"]
[EventRounds "9"]
[EventCountry "YUG"]
[SourceTitle "CBM 096 Extra"]
[Source "ChessBase"]
[SourceDate "2003.10.22"]
[SourceVersion "2"]
[SourceVersionDate "2003.10.20"]
[SourceQuality "1"]

1. d4 d5 2. c4 e6 3. Nc3 Nf6 4. cxd5 exd5 5. Bg5 Nbd7 6. Nf3 c6 7. e3 Bd6 8. Bd3 Nf8 9. Qc2 Ng6 10. 0-0 h6 11. Bxf6 Qxf6 12. Bxg6 Qxg6 13. Qxg6 fxg6 14. Ne5 g5 15. e4 Bxe5 16. dxe5 d4 17. Ne2 c5 18. b4 b6 19. bxc5 bxc5 20. Rfc1 Ba6 21. Ng3 Rc8 22. Nf5 Kf7 23. Rc2 d3 24. Rc3 Ke6 25. Rac1 c4 26. Ra3 Bb7 27. Rxa7 Bxe4 28. Nd6 d2 29. Rf1 Bd3 30. Rd1 c3 0-1

[Event "EU-ch U16"]
[Site "Budva"]
[Date "2003.09.16"]
[Round "4"]
[White "Mikkelsen, Nikolaj"]
[Black "Volodin, Alexey"]
[Result "0-1"]
[WhiteElo "2104"]
[BlackElo "2311"]
[PlyCount "24"]
[EventDate "2003.09.13"]
[EventType "swiss"]
[EventRounds "9"]
[EventCountry "YUG"]
[SourceTitle "CBM 096 Extra"]
[Source "ChessBase"]
[SourceDate "2003.10.22"]
[SourceVersion "2"]
[SourceVersionDate "2003.10.20"]
[SourceQuality "1"]

1. e4 c5 2. Nf3 Nc6 3. d4 cxd4 4. Nxd4 Nf6 5. Nc3 e5 6. Ndb5 h6 7. Nd5 Nxd5 8. exd5 a6 9. dxc6 axb5 10. cxd7+ Bxd7 11. Qd5 Qc7 12. Bxb5 Qa5+ 0-1

[Event "EU-ch U16"]
[Site "Budva"]
[Date "2003.09.15"]
[Round "3"]
[White "Miron, Lucian Costin"]
[Black "Volodin, Alexey"]
[Result "1-0"]
[WhiteElo "2175"]
[BlackElo "2311"]
[PlyCount "61"]
[EventDate "2003.09.13"]
[EventType "swiss"]
[EventRounds "9"]
[EventCountry "YUG"]
[SourceTitle "CBM 096 Extra"]
[Source "ChessBase"]
[SourceDate "2003.10.22"]
[SourceVersion "2"]
[SourceVersionDate "2003.10.20"]
[SourceQuality "1"]

1. e4 c5 2. g3 Nc6 3. Bg2 d6 4. d3 g6 5. f4 Bg7 6. Nf3 e6 7. 0-0 Nge7 8. c3 0-0 9. Be3 Rb8 10. Nbd2 b5 11. g4 f5 12. h3 b4 13. Qc2 bxc3 14. bxc3 fxe4 15. dxe4 Qa5 16. Rfc1 Ba6 17. Nb3 Qc7 18. Rd1 Nc8 19. e5 dxe5 20. Nxc5 Bc4 21. Ng5 exf4 22. Ngxe6 Qe5 23. Bf2 Bxe6 24. Nxe6 N8e7 25. Nxf8 Rxf8 26. Bf3 Qa5 27. Qe4 Ne5 28. Bd4 N7c6 29. Qd5+ Kh8 30. Bxe5 Qxd5 31. Bxg7+ 1-0

[Event "EU-ch U16"]
[Site "Budva"]
[Date "2003.09.14"]
[Round "2"]
[White "Volodin, Alexey"]
[Black "Glicenstein, Asher"]
[Result "0-1"]
[WhiteElo "2311"]
[BlackElo "2309"]
[PlyCount "80"]
[EventDate "2003.09.13"]
[EventType "swiss"]
[EventRounds "9"]
[EventCountry "YUG"]
[SourceTitle "CBM 096 Extra"]
[Source "ChessBase"]
[SourceDate "2003.10.22"]
[SourceVersion "2"]
[SourceVersionDate "2003.10.20"]
[SourceQuality "1"]

1. d4 Nf6 2. c4 c5 3. d5 e6 4. Nc3 exd5 5. cxd5 d6 6. e4 g6 7. Bf4 a6 8. a4 Bg7 9. Nf3 Bg4 10. Be2 Bxf3 11. Bxf3 Qe7 12. 0-0 0-0 13. Qd2 Nbd7 14. Rae1 Ne5 15. Bd1 Nfd7 16. Bh6 Nc4 17. Qc1 Bxh6 18. Qxh6 Nxb2 19. Be2 Nb6 20. a5 N6a4 21. Nxa4 Nxa4 22. Qe3 Qc7 23. Qb3 Qxa5 24. Qxb7 Nc3 25. Bd3 Nb5 26. Bxb5 axb5 27. Qd7 Qb6 28. f4 c4+ 29. Kh1 Ra7 30. Qg4 Qd4 31. f5 Rfa8 32. f6 h5 33. Qf4 Ra1 34. h3 Rxe1 35. Rxe1 Qe5 36. Qe3 Qxf6 37. Qb6 Ra1 38. Rxa1 Qxa1+ 39. Kh2 Qe5+ 40. Kh1 c3 0-1

[Event "Geller Memorial op"]
[Site "Moscow"]
[Date "2001.??.??"]
[Round "4"]
[White "Ivanov, Victor L"]
[Black "Volodin, Alexey"]
[Result "1-0"]
[WhiteElo "2451"]
[BlackElo "2365"]
[PlyCount "45"]
[EventDate "2001.10.26"]
[EventType "swiss"]
[EventRounds "9"]
[EventCountry "RUS"]
[SourceTitle "EXT 2002"]
[Source "ChessBase"]
[SourceDate "2001.11.25"]
[SourceVersion "1"]
[SourceVersionDate "2001.11.25"]
[SourceQuality "1"]

1. e4 e6 2. d4 d5 3. Nd2 c5 4. Ngf3 cxd4 5. exd5 Qxd5 6. Bc4 Qd6 7. Qe2 Nf6 8. Nb3 Nc6 9. Bg5 Qb4+ 10. Bd2 Qb6 11. 0-0-0 Bd7 12. Bg5 0-0-0 13. Nfxd4 a6 14. Bf4 Nd5 15. Bxd5 exd5 16. Qh5 Be6 17. Nxe6 fxe6 18. Qf7 Rd7 19. Qxe6 Qxf2 20. g3 Nd8 21. Qf5 Qf3 22. Rhe1 Bd6 23. Nd4 1-0

[Event "RUS-Cup"]
[Site "Moscow"]
[Date "2000.??.??"]
[Round "1"]
[White "Balashov, Yuri S"]
[Black "Volodin, Alexey"]
[Result "1-0"]
[WhiteElo "2534"]
[BlackElo "2344"]
[PlyCount "55"]
[EventDate "2000.??.??"]
[EventType "swiss"]
[EventRounds "9"]
[EventCountry "RUS"]
[SourceTitle "EXT 2001"]
[Source "ChessBase"]
[SourceDate "2000.11.22"]
[SourceVersion "1"]
[SourceVersionDate "2000.11.22"]
[SourceQuality "1"]

1. c4 f5 2. g3 Nf6 3. Bg2 g6 4. Nc3 Bg7 5. f4 0-0 6. Nf3 c5 7. d3 Nc6 8. e4 d6 9. 0-0 Be6 10. exf5 Bxf5 11. h3 Bd7 12. g4 Qb6 13. Qe1 Rae8 14. Qh4 Nd4 15. f5 Bc6 16. fxg6 hxg6 17. Ng5 Bxg2 18. Kxg2 e6 19. Rf2 Qc7 20. Be3 Nc6 21. Raf1 Ne5 22. Nce4 Ned7 23. Bf4 e5 24. Bd2 Re7 25. Kg1 Bh8 26. Qh6 Qd8 27. Qxg6+ Rg7 28. Qh6 1-0

[Event "RUS-Cup"]
[Site "Moscow"]
[Date "2000.??.??"]
[Round "7"]
[White "Kuporosov, Viktor"]
[Black "Volodin, Alexey"]
[Result "1-0"]
[WhiteElo "2470"]
[BlackElo "2344"]
[PlyCount "109"]
[EventDate "2000.??.??"]
[EventType "swiss"]
[EventRounds "9"]
[EventCountry "RUS"]
[SourceTitle "EXT 2001"]
[Source "ChessBase"]
[SourceDate "2000.11.22"]
[SourceVersion "1"]
[SourceVersionDate "2000.11.22"]
[SourceQuality "1"]

1. e4 e6 2. d4 d5 3. Nd2 c5 4. Ngf3 cxd4 5. Nxd4 Nf6 6. exd5 Nxd5 7. N2f3 Be7 8. c3 0-0 9. Bd3 Bf6 10. 0-0 e5 11. Nf5 Nc6 12. Re1 Nde7 13. Ng3 Ng6 14. h3 Qc7 15. Bg5 Bxg5 16. Nxg5 Nce7 17. Bc2 h6 18. N5e4 Rd8 19. Qf3 Be6 20. Qe3 b6 21. Nf6+ Kh8 22. Ng4 Bxg4 23. hxg4 Nd5 24. Qf3 Ndf4 25. Nh5 Re8 26. Nxf4 Nxf4 27. g5 hxg5 28. g3 Ne6 29. Qf5 g6 30. Qf6+ Ng7 31. Qxg5 Qe7 32. Qxe7 Rxe7 33. Rad1 f5 34. Rd6 Kh7 35. f3 Rae8 36. Kf2 Kh6 37. Rh1+ Kg5 38. Ba4 Re6 39. Rd5 R8e7 40. Bd7 Rf6 41. Rxe5 Rff7 42. Rxe7 Rxe7 43. Rd1 Nh5 44. Bb5 f4 45. Rd5+ Kf6 46. g4 Ng3 47. Rd6+ Ke5 48. Rd7 Re6 49. Rxa7 g5 50. Rh7 Kd6 51. a4 Re3 52. Rd7+ Ke6 53. Rd1 Ke5 54. Re1 Rxe1 55. Kxe1 1-0

[Event "Gyongyos op "]
[Site "Gyongyos"]
[Date "1995.??.??"]
[Round "?"]
[White "Volodin, Alexey"]
[Black "Merenyi, Gabor"]
[Result "1-0"]
[WhiteElo "2325"]
[BlackElo "2090"]
[PlyCount "65"]
[EventDate "1995.??.??"]
[EventType "swiss"]
[EventRounds "9"]
[EventCountry "HUN"]
[SourceTitle "EXT 1999"]
[Source "ChessBase"]
[SourceDate "1998.11.16"]
[SourceVersion "1"]
[SourceVersionDate "1998.11.16"]
[SourceQuality "1"]

1. c4 Nf6 2. Nc3 e6 3. Nf3 b6 4. e4 Bb7 5. Bd3 d5 6. cxd5 exd5 7. e5 Ne4 8. 0-0 Nd7 9. Re1 Ndc5 10. Bc2 Be7 11. d4 Nxc3 12. bxc3 Ne6 13. Be3 Qd7 14. Nd2 g5 15. Bf5 h5 16. f4 gxf4 17. Bxf4 0-0-0 18. Be3 Kb8 19. Rf1 Rdg8 20. Bh3 Rg7 21. Rf5 h4 22. Qf3 Ba3 23. Rf1 Rhh7 24. Rh5 Qc6 25. Nb1 Be7 26. Bf5 Rxh5 27. Qxh5 Nd8 28. Qh8 Ba6 29. Qxg7 Bxf1 30. Kxf1 Qc4+ 31. Kf2 Qxa2+ 32. Nd2 a5 33. e6 1-0

[Event "Gyongyos op "]
[Site "Gyongyos"]
[Date "1995.??.??"]
[Round "?"]
[White "Volodin, Alexey"]
[Black "Purtov, Andrei"]
[Result "0-1"]
[WhiteElo "2325"]
[BlackElo "2385"]
[PlyCount "52"]
[EventDate "1995.??.??"]
[EventType "swiss"]
[EventRounds "9"]
[EventCountry "HUN"]
[SourceTitle "EXT 1999"]
[Source "ChessBase"]
[SourceDate "1998.11.16"]
[SourceVersion "1"]
[SourceVersionDate "1998.11.16"]
[SourceQuality "1"]

1. c4 g6 2. Nc3 Bg7 3. d4 d6 4. e4 Nf6 5. Be2 0-0 6. Nf3 e5 7. 0-0 Nc6 8. d5 Ne7 9. Ne1 Nd7 10. Be3 f5 11. f3 f4 12. Bf2 g5 13. a4 Ng6 14. a5 Rf7 15. Nb5 Nf6 16. Nxa7 g4 17. Nxc8 g3 18. hxg3 Nh5 19. gxf4 exf4 20. Nd3 Rxc8 21. Qe1 Qg5 22. Bd1 Ng3 23. Nxf4 Nxf4 24. Bxg3 Bd4+ 25. Kh1 Rg7 26. Rc1 Nd3 0-1